000 01012nam a22003257a 4500
001 BR7406429
003 BR-BrBNA
005 20230928084641.0
007 ta
008 230509b bl.||||| |||| 00| 0 por d
040 _aBR-BrBNA
_bpor
_cBiblioteca Nacional de Agricultura
041 _a(Por)
072 _aF00; E15; E30
_b0336
_b/G404
090 _ 0336 BR7406429
110 1 _aCentro de Treinamento em Desenvolvimento Economico, Fortaleza, CE (Brasil)
_91678
245 1 _aProduccion de soya en el Estado de Yucatan - proyecto agricola [soja, mercado, Mexico]
_b2. Curso Nacional de Elaboracao e Avaliacao de Projetos
260 3 _aFortaleza, CE (Brasil):
_c[nd].
300 _avp.
500 _a[ca 200]p.; 20 ref.; Published 1973?
650 _aSOJA
650 _aEXPORTACAO
650 _aCREDITO
650 _aMERCADO
650 _aCUSTO DE PRODUCAO
650 _aFINANCIAMENTO
650 _aPROJETO AGRICOLA
650 _aMEXICO
909 _a202309
_bLucia
_c55
_dLucia Elande
942 _cBK
999 _c20278
_d20278